| 000 | 00883nam a2200229 a 4500 | ||
|---|---|---|---|
| 005 | 20240911064836.0 | ||
| 008 | 991125s1978 mx 000 0 spa u | ||
| 020 | _a9682301947 | ||
| 035 | _aUPN01000005913 | ||
| 049 | _aCG | ||
| 050 | 4 |
_aJN6598 O2 _bB6.38 1978 |
|
| 245 | 0 | 4 |
_aLos bolcheviques y la revolución de octubre : _bactas del Comité Central del Partido Obrero Socialdemócrata Ruso, agosto de 1917 a febrero de 1918 / _cintrod. Giuseppe Boffa. ; tr. Max Figueroa. |
| 250 | _a2a ed. | ||
| 260 |
_aMéxico : _bPasado y Presente, _c1978. |
||
| 300 | _a288 p. | ||
| 440 | 0 |
_aCuadernos de pasado y presente ; _v28 |
|
| 534 |
_pTraducción de : _tLes bolcheviks et la révolution d'octubre |
||
| 610 | 2 | 4 | _aPARTIDO OBRERO SOCIAL DEMOCRATA (RUSO) |
| 650 | 4 |
_aComunismo _zRusia _910282 |
|
| 651 | 4 |
_aUNION SOVIETICA - _xHISTORIA - _yREVOLUCION, 1917-1921 _91656 |
|
| 905 | _aLibro | ||
| 999 |
_c5913 _d5913 |
||